Pestiliterature Quiz Stats

 Plays Quiz not verified by Sporcle

Support Sporcle.
Go Orange.
Score 0/12 Timer 04:00
0 Plays Today
% Correct
I Am Legend
74%
A Journal of the Plague Year
72.3%
The Andromeda Strain
60.6%
And the Band Played On
56.9%
The Plague
55.1%
The Hot Zone
52.9%
The Decameron
50.3%
Galapagos
47.9%
The Stand
46.6%
Oryx and Crake
26.2%
Pale Horse, Pale Rider
25.6%
Arrowsmith
17.1%

You're not logged in!

Compare scores with friends on all Sporcle quizzes.
OR
Log In

From the Vault

Countries of the British Empire

by zeppelinoid

It's actually a little easier to list the countries that weren't a part of the British Empire at some point.
Remove Ads.
Support Sporcle.
Get the best of Sporcle when you Go Orange. This ad-free experience offers more features, more stats, and more fun while also helping to support Sporcle. Thank you for becoming a member.

Show Comments

Extras

Top Quizzes Today


Score Distribution

Your Account Isn't Verified!

In order to create a playlist on Sporcle, you need to verify the email address you used during registration. Go to your Sporcle Settings to finish the process.

Report this User

Report this user for behavior that violates our Community Guidelines.

Details: